Statistics for 20 Greatest Detroit Sports Figures of All Time

Click here to take the quiz!

General Stats

  • This quiz has been taken 92 times
  • The average score is 11 of 20

Answer Stats

Hint Answer % Correct
PistonsIsiah Thomas
92%
LionsBarry Sanders
87%
Red WingsGordie Howe
83%
LionsCalvin Johnson
80%
PistonsJoe Dumars
73%
Red WingsSteve Yzerman
72%
LionsMatthew Stafford
71%
TigersMiguel Cabrera
67%
TigersTy Cobb
65%
PistonsBen Wallace
59%
TigersAl Kaline
57%
Red WingsNicklas Lidstrom
44%
PistonsDennis Rodman
41%
Red WingsPavel Datsyuk
33%
LionsHerman Moore
33%
PistonsDave Bing
32%
TigersHank Greenberg
27%
LionsBobby Layne
17%
Red WingsAlex Delvecchio
15%
TigersCharlie Gehringer
9%

Score Distribution

Percentile by Number Answered

Percent of People with Each Score

Your Score History

You have not taken this quiz